000 00576nam a22001817a 4500
005 20240130130716.0
008 240130b |||||||| |||| 00| 0 eng d
020 _a9781485106401
041 _aEnglish
082 _a346.6 HEN
100 _aHenning, JJ
_lEnglish
245 _aPerspectives on the Law of Partnership in South Africa /
_cJJ Henning
250 _aFirst Edition
260 _aCape Town :
_bJuta and Company (Pty) Ltd,
_c2014
300 _bxli, 294 pages ;
_c25,5 cm.
650 _aLegal practice
_bLaw
942 _cBK
_6ALISON_BN_VRIES
999 _c1306
_d1306